[Event "Women's Speed Chess Q5"]
[Site "chess.com INT"]
[Date "2021.06.04"]
[Round "2"]
[White "Doluhanova, Evgeniya"]
[Black "Vo, Thi Kim Phung"]
[Result "1-0"]
[WhiteTitle "WGM"]
[BlackTitle "WGM"]
[WhiteElo "2192"]
[BlackElo "2335"]
[WhiteFideId "14112035"]
[BlackFideId "12401838"]
[EventDate "2021.06.04"]

1. Nf3 Nf6 2. c4 e6 3. Nc3 b6 4. e4 d6 5. d4 Bb7 6. Bd3 Nbd7 7. Bg5 Be7 8. Qe2
h6 9. Bh4 c5 10. e5 dxe5 11. dxe5 Bxf3 12. gxf3 Nh5 13. Bg3 O-O 14. O-O-O Bg5+
15. Kb1 g6 16. Be4 Rc8 17. h4 Bf4 18. Bxf4 Nxf4 19. Qd2 Nh5 20. Qxd7 a6 21. Qb7
Qe8 22. Qxb6 Qe7 23. Qd6 Qa7 24. Rhg1 Kg7 25. Bxg6 fxg6 26. Qxe6 Nf4 27. Rd7+
Kh8 28. Qe7 Qxd7 29. Qxd7 Rcd8 30. Qe7 Rde8 31. Qxc5 Kg7 32. Qe3 Rf5 33. Ne4
Rexe5 34. Qa7+ Rf7 35. Qxa6 Re6 36. Qa3 Kh7 37. Qe3 Nh3 38. Rg3 Nf4 39. Rg4 Nh5
40. Ng5+ hxg5 41. Qxe6 Rxf3 42. Rxg5 Nf4 43. Qf7+ Kh6 44. Rxg6+ Nxg6 45. Qxf3 1-0

[Event "Women's Speed Chess Q5"]
[Site "chess.com INT"]
[Date "2021.06.04"]
[Round "2"]
[White "Pourkashiyan, Atousa"]
[Black "Zaksaite, Salomeja"]
[Result "1-0"]
[WhiteTitle "WGM"]
[BlackTitle "WIM"]
[WhiteElo "2322"]
[BlackElo "2202"]
[WhiteFideId "12502014"]
[BlackFideId "12801496"]
[EventDate "2021.06.04"]

1. e4 c5 2. Nf3 e6 3. d4 cxd4 4. Nxd4 Nf6 5. Nc3 Nc6 6. Ndb5 d6 7. Bf4 e5 8. Bg5
a6 9. Na3 b5 10. Nd5 Be7 11. Bxf6 Bxf6 12. c4 Bb7 13. cxb5 Nd4 14. bxa6 Bxd5 15.
exd5 Rxa6 16. Bxa6 Qa5+ 17. Qd2 Qxa6 18. h4 Bd8 19. Nc2 Ba5 20. b4 Nxc2+ 21.
Qxc2 Bxb4+ 22. Kd1 O-O 23. a4 Rc8 24. Qe2 Qb7 25. Qe4 f5 26. Qd3 Bc5 27. Rc1 e4
28. Qd2 Ra8 29. Rh3 Rxa4 30. Rhc3 Qa6 31. Ke1 e3 32. fxe3 Rxh4 33. Kf2 f4 34.
Kf3 fxe3 35. Qd3 Qc8 36. Rxc5 dxc5 37. d6 Qg4+ 38. Kxe3 Qe6+ 39. Kf2 Rd4 40. Qf3
Qxd6 41. Kg1 Rd3 42. Qf2 Qd7 43. Rf1 h6 44. Qxc5 Rd1 45. Qf8+ Kh7 46. Qf2 1-0

[Event "Women's Speed Chess Q5"]
[Site "chess.com INT"]
[Date "2021.06.04"]
[Round "2"]
[White "Zawadzka, Jolanta"]
[Black "Priyanka, K"]
[Result "1-0"]
[WhiteTitle "WGM"]
[BlackTitle "WIM"]
[WhiteElo "2403"]
[BlackElo "2218"]
[WhiteFideId "1122320"]
[BlackFideId "5082986"]
[EventDate "2021.06.04"]

1. e4 c5 2. Nf3 d6 3. d4 cxd4 4. Nxd4 Nf6 5. f3 e5 6. Nb3 Be6 7. c4 Qc7 8. Na3
a6 9. Be3 Nbd7 10. Be2 Nc5 11. O-O Be7 12. Qd2 O-O 13. Nc2 Nfd7 14. Nb4 a5 15.
Nd5 Bxd5 16. cxd5 a4 17. Nxc5 Nxc5 18. Rac1 b6 19. Bb5 Ra5 20. Qe2 f5 21. b4
axb3 22. axb3 Qa7 23. b4 Ra2 24. Rc2 Rxc2 25. Qxc2 Nd7 26. exf5 Nf6 27. Bc6 Qa3
28. Qd2 e4 29. Bxb6 Rb8 30. Ba5 e3 31. Qe2 Nh5 32. Re1 Bf6 33. g3 Bd4 34. Kg2
Rf8 35. Bd7 Nf6 36. Be6+ Kh8 37. Qc4 Ba7 38. Re2 Qa1 39. Bc7 Ne8 40. Bd8 Nf6 41.
Be7 Ra8 42. Bxd6 Bd4 43. Bc5 Bxc5 44. bxc5 Qd1 45. c6 Ra1 46. Kh3 Qf1+ 47. Kh4
Qxf3 48. g4 Nxg4 49. Qxg4 Ra4 50. Qxa4 g5+ 51. fxg6 Qxe2 52. Qa8+ Kg7 53. Qg8+
Kf6 54. Qf7+ Ke5 55. Qf5+ Kd6 56. Qf4+ Kc5 57. c7 Qf2+ 58. Qxf2 exf2 59. c8=Q+
Kd4 60. Bh3 1-0

[Event "Women's Speed Chess Q5"]
[Site "chess.com INT"]
[Date "2021.06.04"]
[Round "2"]
[White "Vantika, Agrawal"]
[Black "Arakhamia-Grant, Ketevan"]
[Result "1-0"]
[WhiteTitle "WIM"]
[BlackTitle "GM"]
[WhiteElo "2286"]
[BlackElo "2380"]
[WhiteFideId "25050389"]
[BlackFideId "13600168"]
[EventDate "2021.06.04"]

1. Nf3 Nf6 2. g3 g6 3. Bg2 Bg7 4. O-O O-O 5. d4 d6 6. c4 Nc6 7. Nc3 a6 8. b3 Rb8
9. d5 Na5 10. Bg5 c5 11. dxc6 bxc6 12. Rc1 c5 13. Qd2 Nc6 14. h3 Bb7 15. Rfd1
Re8 16. Nh2 Nd4 17. Bxb7 Rxb7 18. e3 Ne6 19. Bxf6 Bxf6 20. Nd5 Bg7 21. f4 Qc8
22. Kg2 h5 23. Nf3 Qc6 24. g4 hxg4 25. hxg4 Qc8 26. Rh1 Nc7 27. Kg3 Nxd5 28.
cxd5 e5 29. fxe5 dxe5 30. e4 Rb4 31. Qe3 f5 32. Qg5 Rxe4 33. Rh4 Rxg4+ 34. Rxg4
fxg4 35. Nh4 e4 36. Qxg6 e3 37. Nf5 Qd7 38. Nh6+ Kh8 39. Nf7+ Kg8 40. Nh6+ Kh8
41. Rh1 Be5+ 42. Kh4 Qe7+ 43. Kxg4 Qg7 44. Nf5+ Kg8 45. Nxg7 Bxg7 46. Qxe8+ Bf8
47. Qxe3 1-0

[Event "Women's Speed Chess Q5"]
[Site "chess.com INT"]
[Date "2021.06.04"]
[Round "2"]
[White "Belenkaya, Dina"]
[Black "Yu, Jennifer"]
[Result "1-0"]
[WhiteTitle "WGM"]
[BlackTitle "FM"]
[WhiteElo "2341"]
[BlackElo "2316"]
[WhiteFideId "24142654"]
[BlackFideId "2078341"]
[EventDate "2021.06.04"]

1. e4 g6 2. d4 Bg7 3. Nc3 d6 4. f4 a6 5. a4 Nd7 6. Be3 c5 7. Nf3 cxd4 8. Bxd4 e5
9. Be3 Qc7 10. Nd5 Qb8 11. a5 Ngf6 12. Bc4 Nxe4 13. O-O O-O 14. Ng5 Ndf6 15.
Ne7+ Kh8 16. fxe5 dxe5 17. Nxe4 Nxe4 18. Bxf7 Bf5 19. Nxf5 Rxf7 20. Nxg7 Rxf1+
21. Kxf1 Kxg7 22. Qd7+ Kh8 23. Kg1 Nf6 24. Qf7 Qf8 25. Qxb7 Ng4 26. Rf1 Qb8 27.
Qxb8+ Rxb8 28. Bb6 e4 29. h3 Nh6 30. Bd4+ Kg8 31. Rf6 Nf5 32. Bb6 e3 33. Re6 Kf7
34. Re4 Rc8 35. c3 Rb8 36. b4 Rc8 37. Bc5 Rd8 38. g4 Rd1+ 39. Kg2 Nh4+ 40. Kg3
g5 41. Rxe3 Rg1+ 42. Kf2 Rg2+ 43. Kf1 Rc2 44. Re7+ Kg6 45. Rb7 h6 46. Rb6+ Kh7
47. Rb7+ Kg6 48. Rb6+ Kh7 49. Rxa6 Rxc3 50. Ra7+ Kg6 51. Ra6+ Kh7 52. Ra7+ Kg6
53. Ke2 Rxh3 54. Rc7 Rh2+ 55. Kd3 Rh3+ 56. Kc4 Rg3 57. Rc6+ Kg7 58. Rc7+ Kg6 59.
Rc6+ Kg7 60. a6 Rxg4+ 61. Bd4+ Kh7 62. a7 Nf5 63. a8=Q Rxd4+ 64. Kb5 Rd5+ 1-0

[Event "Women's Speed Chess Q5"]
[Site "chess.com INT"]
[Date "2021.06.04"]
[Round "2"]
[White "Socko, Monika"]
[Black "Smietanska, Wiktoria"]
[Result "1-0"]
[WhiteTitle "GM"]
[BlackTitle "CM"]
[WhiteElo "2393"]
[BlackElo "1802"]
[WhiteFideId "1106619"]
[BlackFideId "21869359"]
[EventDate "2021.06.04"]

1. d4 Nf6 2. c4 g6 3. Nf3 Bg7 4. g3 O-O 5. Bg2 d6 6. O-O Nc6 7. Nc3 Bg4 8. h3
Bxf3 9. Bxf3 Nd7 10. e3 e5 11. d5 Ne7 12. e4 f5 13. h4 f4 14. Bg4 Kh8 15. Bd2
Nf6 16. Be6 Nh5 17. g4 Nf6 18. f3 Neg8 19. b4 Nd7 20. Qb3 Qxh4 21. Be1 Qe7 22.
c5 dxc5 23. Bxd7 Qxd7 24. bxc5 Qe7 25. Qc4 Rfd8 26. Rb1 Rab8 27. Rf2 Bf8 28. Na4
b6 29. c6 Qa3 30. Rb3 Qd6 31. Rh2 Kg7 32. Rg2 g5 33. Rh2 h6 34. Rc2 Qf6 35. Kg2
Bd6 36. Nc3 a5 37. Qf1 Bc5 38. Qh1 Ne7 39. Kf1 Ng8 40. a4 Qe7 41. Nb5 Bd6 42.
Ke2 Rdc8 43. Bf2 Kh7 44. Rb1 Kg7 45. Qd1 Kg6 46. Qd3 Nf6 47. Rh1 Kg7 48. Rcc1
Ng8 49. Be1 Kg6 50. Bd2 Kg7 51. Bc3 Kg6 52. Qc2 Kg7 53. Bb2 Kg6 54. Qb3 Kg7 55.
Nxd6 cxd6 56. Qb5 Qc7 57. Ba3 Rd8 58. Rb1 Kf7 59. Qc4 Ke7 60. Rb2 Kf7 61. Qc3
Ke7 62. Qxe5+ Kf7 63. Qf5+ Kg7 64. Rc2 Qa7 65. Bb2+ 1-0

[Event "Women's Speed Chess Q5"]
[Site "chess.com INT"]
[Date "2021.06.04"]
[Round "2"]
[White "Ramirez, Maria Eugenia"]
[Black "Kabanova, Ekaterina"]
[Result "0-1"]
[WhiteTitle "WFM"]
[BlackTitle "WFM"]
[WhiteElo "2057"]
[BlackElo "2138"]
[WhiteFideId "3301680"]
[BlackFideId "24112917"]
[EventDate "2021.06.04"]

1. e4 c5 2. c3 e6 3. d4 Qc7 4. Nf3 a6 5. d5 e5 6. Be2 d6 7. O-O Ne7 8. b4 Nd7 9.
Be3 Ng6 10. Nbd2 b5 11. c4 bxc4 12. bxc5 Nxc5 13. Bxc4 Be7 14. Rc1 O-O 15. Bxc5
Qxc5 16. Bxa6 Qa5 17. Bxc8 Rfxc8 18. Rxc8+ Rxc8 19. Qb3 Nf4 20. Qb7 Rc7 21. Qb8+
Bf8 22. Nb3 Qc3 23. h3 Rc8 24. Qb7 Rc4 25. Kh2 Rb4 26. Qd7 h6 27. Rc1 Qb2 28.
Rc7 Rb8 29. Qxf7+ Kh8 30. Nh4 Qxf2 31. Ng6+ Kh7 32. Nxf4 exf4 33. Qf5+ Kh8 34.
Qg4 Qe3 35. Rf7 Qxe4 36. Qxf4 Qe5 37. Rxf8+ Rxf8 38. Qxe5 dxe5 39. Nc5 Ra8 40.
d6 Rxa2 41. Ne4 Ra8 42. d7 Rd8 43. Nc5 Kg8 44. Kg3 Kf7 45. Kf3 Ke7 46. Ke4 Rf8
47. Kxe5 Rf2 48. g4 Rf3 49. h4 h5 50. gxh5 Rh3 51. Kf5 Rxh4 52. Kg5 Rh1 53. Kg6
Rg1+ 54. Kh7 Rg5 0-1

[Event "Women's Speed Chess Q5"]
[Site "chess.com INT"]
[Date "2021.06.04"]
[Round "2"]
[White "Franco Valencia, Angela"]
[Black "Nanditha, V"]
[Result "1-0"]
[WhiteTitle "WIM"]
[BlackTitle "WCM"]
[WhiteElo "2089"]
[BlackElo "1666"]
[WhiteFideId "4403070"]
[BlackFideId "46626697"]
[EventDate "2021.06.04"]

1. e4 c6 2. Ne2 d5 3. e5 c5 4. d4 Nc6 5. c3 e6 6. Nd2 h5 7. Nf3 Be7 8. Nf4 h4 9.
h3 Nh6 10. Bd3 a6 11. O-O g5 12. Nh5 Kd7 13. Nf6+ Bxf6 14. exf6 g4 15. hxg4 Nxg4
16. Bg5 Qg8 17. Qd2 h3 18. g3 c4 19. Be2 Qg6 20. b3 b5 21. bxc4 bxc4 22. Rab1
Nxf6 23. Qf4 Ne4 24. Bh4 Nxc3 25. Rb2 Ne4 26. Rfb1 Ra7 27. Rb6 Nc3 28. R1b2 Qf5
29. Qxf5 exf5 30. Rxc6 Nxe2+ 31. Rxe2 Kxc6 32. Ne5+ Kd6 33. Rb2 Be6 34. Kh2 Rc8
35. Bg5 a5 36. Rb6+ Kc7 37. Rb1 Rb7 38. Rc1 Rb2 39. a4 Kb6 40. Kxh3 Rxf2 41. Bf6
Rb2 42. Be7 Ka6 43. Kh4 c3 44. Bc5 c2 45. Nd3 Ra2 46. Ne1 f4 47. gxf4 Rh8+ 48.
Kg5 Rh2 49. f5 Bc8 50. Kf6 Re2 51. Nxc2 Raxc2 52. Rb1 Rb2 53. Rh1 Rf2 54. Rh5
Rf3 55. Bd6 Rbf2 56. Rh7 Rxf5+ 57. Ke7 Re2+ 58. Kd8 Be6 59. Bc5 Kb7 60. Rh3 Rg2
61. Rb3+ Ka6 62. Kc7 Rb2 63. Rxb2 f6 64. Rb6+ Ka7 65. Rxe6+ Ka8 66. Ra6# 1-0

[Event "Women's Speed Chess Q5"]
[Site "chess.com INT"]
[Date "2021.06.04"]
[Round "2"]
[White "Purtseladze, Maka"]
[Black "Pandey, Srishti"]
[Result "0-1"]
[WhiteTitle "IM"]
[BlackTitle "WFM"]
[WhiteElo "2274"]
[BlackElo "2026"]
[WhiteFideId "13602659"]
[BlackFideId "35093290"]
[EventDate "2021.06.04"]

1. b3 e5 2. Bb2 Nc6 3. e3 d6 4. Nf3 g6 5. d4 Bg7 6. dxe5 Bg4 7. Bb5 Ne7 8. h3
Bxf3 9. gxf3 O-O 10. Be2 dxe5 11. Qxd8 Raxd8 12. Nd2 Nb4 13. Bd1 Nec6 14. a3 Nd5
15. c4 Nde7 16. Bc2 Rfe8 17. Ne4 b6 18. h4 h6 19. h5 f5 20. Ng3 f4 21. Ne4 g5
22. Ke2 Rd7 23. Rad1 Red8 24. Rxd7 Rxd7 25. b4 Kf7 26. Bb3 Kf8 27. Bc3 Nf5 28.
c5 Rd8 29. b5 Nce7 30. cxb6 axb6 31. Bb4 Ke8 32. Rc1 Kd7 33. a4 Ra8 34. Rd1+ Kc8
35. Be6+ Kb7 36. Rd7 Bf8 37. Bxe7 Nxe7 38. Nd6+ Kb8 39. Nf5 Nxf5 40. Bxf5 Bd6
41. Be4 Kc8 42. Rh7 Rxa4 43. Bc6 Kd8 44. Rxh6 Ke7 45. Rg6 g4 46. fxg4 Ra2+ 47.
Kf3 fxe3 48. fxe3 Ra3 49. Ke4 Bc5 50. Kxe5 Rxe3+ 51. Kf4 Re1 52. h6 Be3+ 53. Kf3
Bc1 54. Rg7+ Kf6 55. Rxc7 Bxh6 56. Rb7 Be3 57. Ke4 Bc5+ 58. Kd3 Kg5 0-1

[Event "Women's Speed Chess Q5"]
[Site "chess.com INT"]
[Date "2021.06.04"]
[Round "2"]
[White "Klinova, Masha"]
[Black "Avramidou, Anastasia"]
[Result "0-1"]
[WhiteTitle "IM"]
[BlackTitle "FM"]
[WhiteElo "2275"]
[BlackElo "2238"]
[WhiteFideId "2802015"]
[BlackFideId "4239873"]
[EventDate "2021.06.04"]

1. e4 g6 2. d4 Bg7 3. Nc3 c6 4. f4 d5 5. e5 Nh6 6. Be3 O-O 7. h3 f6 8. Nf3 c5 9.
dxc5 e6 10. Be2 Nc6 11. O-O Nf5 12. Bf2 fxe5 13. fxe5 Nxe5 14. g4 Nxf3+ 15. Bxf3
Ne7 16. Qe2 Nc6 17. Rad1 Kh8 18. Bg2 Bd7 19. Kh1 Qe7 20. a3 Rae8 21. Nb5 a6 22.
Nd6 Rb8 23. b4 a5 24. b5 Ne5 25. Bg3 Qg5 26. Bxe5 Qxe5 27. Qxe5 Bxe5 28. Nf7+
Rxf7 29. Rxf7 Bxb5 30. Rb1 Bc6 31. c4 Bd4 32. cxd5 exd5 33. Rc7 Re8 34. Rc1 Kg8
35. g5 Be5 36. Rxc6 bxc6 37. Re1 Kf8 38. Bf1 Bd4 39. Rd1 Bxc5 40. Rc1 Bxa3 41.
Rxc6 Bb4 42. Bb5 Re1+ 43. Kg2 d4 44. Rc7 Re5 45. Bd3 Rxg5+ 46. Kf3 Re5 47. Be4
Re7 48. Rc4 Bc3 49. Rc8+ Kg7 50. Bd5 h5 51. h4 Kf6 52. Kf4 Bd2+ 53. Kf3 Ke5 54.
Bc4 Kd6 55. Bd3 Re3+ 56. Kf2 Rxd3 57. Ke2 Rc3 58. Rd8+ Kc5 59. Kxd2 Rh3 60. Rg8
Rxh4 61. Rxg6 Rg4 62. Rh6 Rg5 63. Kd3 a4 64. Rh8 a3 65. Rc8+ Kb4 66. Kxd4 a2 67.
Rb8+ Rb5 68. Ra8 Ra5 69. Rb8+ Ka3 70. Kc3 a1=Q+ 0-1

[Event "Women's Speed Chess Q5"]
[Site "chess.com INT"]
[Date "2021.06.04"]
[Round "2"]
[White "Sviridova, Vlada"]
[Black "Vu, Bui Thi Thanh Van"]
[Result "1-0"]
[WhiteTitle "WFM"]
[BlackTitle "WFM"]
[WhiteElo "2144"]
[BlackElo "1750"]
[WhiteFideId "24109606"]
[BlackFideId "12408921"]
[EventDate "2021.06.04"]

1. d4 e6 2. c4 f5 3. Nf3 Nf6 4. g3 Be7 5. Bg2 O-O 6. O-O d6 7. b3 Ne4 8. Bb2 Bf6
9. Nbd2 Nc6 10. e3 Qe8 11. Ne1 Nxd2 12. Qxd2 e5 13. d5 Nb8 14. Nc2 Qh5 15. Rab1
Nd7 16. f4 Kh8 17. Rf2 b6 18. Ne1 e4 19. h3 Bxb2 20. Qxb2 Nf6 21. Bf1 Bd7 22.
Nc2 Rg8 23. Nd4 Raf8 24. Qe2 Qh6 25. h4 Qg6 26. Rg2 Ng4 27. Qd2 Qf6 28. Be2 Nh6
29. b4 Nf7 30. b5 h6 31. Rh2 g6 32. Qb2 Kg7 33. Kf2 Nh8 34. Ke1 Kf7 35. Kd2 Ke7
36. Nc6+ Bxc6 37. Qxf6+ Kxf6 38. bxc6 Rg7 39. Kc3 g5 40. hxg5+ hxg5 41. Rbh1 Nf7
42. Kd4 Rfg8 43. Rh5 gxf4 44. gxf4 Rg2 45. R1h2 Rg1 46. Kc3 R8g3 47. Kd2 Ra1 48.
Bd1 Rxa2+ 49. Bc2 Ra3 50. Re2 Ra1 51. Reh2 Rag1 52. Rh7 R1g2+ 53. Rxg2 Rxg2+ 54.
Kc3 Rg3 55. Kd4 a5 56. Ba4 Rg2 57. Kc3 Ra2 58. Bb3 Re2 59. Kd4 Rd2+ 60. Kc3 Rd3+
61. Kc2 Rxe3 62. c5 dxc5 63. d6 Nxd6 64. Rxc7 Nb5 65. Rb7 Nd4+ 66. Kb2 Rxb3+ 67.
Ka2 1-0

[Event "Women's Speed Chess Q5"]
[Site "chess.com INT"]
[Date "2021.06.04"]
[Round "3"]
[White "Shuvalova, Polina"]
[Black "Kotepalli, Sai Nirupama"]
[Result "1-0"]
[WhiteTitle "IM"]
[BlackTitle "WFM"]
[WhiteElo "2489"]
[BlackElo "1914"]
[WhiteFideId "24171760"]
[BlackFideId "5039444"]
[EventDate "2021.06.04"]

1. e4 c5 2. Nf3 e6 3. g3 Nc6 4. Bg2 g6 5. d4 cxd4 6. Nxd4 Bg7 7. Nxc6 dxc6 8. c4
Qxd1+ 9. Kxd1 Nf6 10. f3 b5 11. Kc2 Bb7 12. Be3 a5 13. Nc3 Ba6 14. Rhd1 O-O 15.
Bf1 bxc4 16. Rd6 Rfc8 17. Rad1 Rab8 18. Na4 Rb4 19. Rd8+ Rxd8 20. Rxd8+ Bf8 21.
Bh6 Nd7 22. Nc5 1-0

[Event "Women's Speed Chess Q5"]
[Site "chess.com INT"]
[Date "2021.06.04"]
[Round "3"]
[White "Kabanova, Ekaterina"]
[Black "Purtseladze, Maka"]
[Result "0-1"]
[WhiteTitle "WFM"]
[BlackTitle "IM"]
[WhiteElo "2138"]
[BlackElo "2274"]
[WhiteFideId "24112917"]
[BlackFideId "13602659"]
[EventDate "2021.06.04"]

1. c4 Nf6 2. Nf3 d6 3. Qc2 g6 4. e3 Bg7 5. Be2 O-O 6. h4 h6 7. a3 c5 8. b4 Bf5
9. d3 Bg4 10. Bb2 Nc6 11. bxc5 dxc5 12. Nbd2 Qd6 13. Rb1 b6 14. e4 Nd7 15. Bxg7
Kxg7 16. Qb2+ e5 17. h5 Bxf3 18. Nxf3 g5 19. Nd2 Nd4 20. Bg4 Nf6 21. Bf5 Nxf5
22. exf5 Qxd3 23. Rh3 Qd4 24. Qc2 Rad8 25. Re3 Rfe8 26. a4 e4 27. Nb3 Qe5 28. a5
Ng4 29. Re2 Qh2 30. Rxe4 Qg1+ 31. Ke2 Qxf2# 0-1

[Event "Women's Speed Chess Q5"]
[Site "chess.com INT"]
[Date "2021.06.04"]
[Round "3"]
[White "Nomin-Erdene, Davaademberel"]
[Black "Skuhala, Barbara"]
[Result "1-0"]
[WhiteTitle "IM"]
[BlackTitle "WFM"]
[WhiteElo "2382"]
[BlackElo "2077"]
[WhiteFideId "4900782"]
[BlackFideId "14605465"]
[EventDate "2021.06.04"]

1. f4 d5 2. Nf3 Nc6 3. g3 Nf6 4. Bg2 g6 5. O-O Bg7 6. d3 O-O 7. Na3 Re8 8. c4 h6
9. Ne5 dxc4 10. Nxc6 bxc6 11. Nxc4 Nd5 12. Na5 Qd6 13. Kh1 Bd7 14. a3 Rab8 15.
e4 Nb6 16. e5 Qc5 17. b4 Qc3 18. Ra2 Nd5 19. Bb2 1-0

[Event "Women's Speed Chess Q5"]
[Site "chess.com INT"]
[Date "2021.06.04"]
[Round "3"]
[White "Nanditha, V"]
[Black "Mohota, Nisha"]
[Result "0-1"]
[WhiteTitle "WCM"]
[BlackTitle "IM"]
[WhiteElo "1666"]
[BlackElo "2195"]
[WhiteFideId "46626697"]
[BlackFideId "5004330"]
[EventDate "2021.06.04"]

1. e4 Nf6 2. e5 Nd5 3. Nc3 Nb6 4. f4 d6 5. Nf3 Bg4 6. d4 dxe5 7. dxe5 Qxd1+ 8.
Nxd1 Bxf3 9. gxf3 e6 10. c3 N8d7 11. a4 a5 12. Nf2 Nc5 13. Ne4 Nb3 14. Rb1 Nxc1
15. Rxc1 O-O-O 16. b3 Nd5 17. Rd1 Nxf4 18. Rxd8+ Kxd8 19. Ng5 Ke8 20. Bc4 Be7
21. Ne4 Bh4+ 22. Kd2 Ke7 23. Kc2 Ng6 24. Nc5 b6 25. Na6 Nxe5 26. Nxc7 Nxc4 27.
bxc4 Rc8 28. Nb5 Rxc4 29. Kb3 Rf4 30. Rf1 Bf6 31. c4 g5 32. Na7 g4 33. Nc8+ Ke8
34. Nxb6 Rxf3+ 35. Rxf3 gxf3 36. c5 f2 37. c6 Be5 0-1

[Event "Women's Speed Chess Q5"]
[Site "chess.com INT"]
[Date "2021.06.04"]
[Round "3"]
[White "Singgih, Diajeng Theresa"]
[Black "Szente Varga, Fruzsina"]
[Result "0-1"]
[WhiteTitle "WFM"]
[BlackTitle "WFM"]
[WhiteElo "1972"]
[BlackElo "2100"]
[WhiteFideId "7104391"]
[BlackFideId "712264"]
[EventDate "2021.06.04"]

1. e4 e5 2. Nf3 Nc6 3. Nc3 Nf6 4. Bb5 d6 5. O-O Bd7 6. d3 Be7 7. h3 O-O 8. Be3
a6 9. Ba4 b5 10. Bb3 Na5 11. a4 b4 12. Nd5 Nxb3 13. cxb3 Nxd5 14. exd5 f5 15.
Nh2 f4 16. Bd2 Bf5 17. Bxb4 Rb8 18. Bc3 Qc8 19. b4 Rf6 20. f3 Rg6 21. Ng4 h5 22.
Nf2 Bxh3 23. Nxh3 Qxh3 24. Qe2 h4 25. d4 Bf6 26. dxe5 dxe5 27. Rf2 Qf5 28. Qxa6
h3 29. Qe6+ Qxe6 30. dxe6 Kf8 31. a5 Ke7 32. a6 Kxe6 33. a7 Ra8 34. Ra6+ Kd7 35.
Rd2+ Kc8 36. Bxe5 Kb7 37. Re6 Rxa7 38. Bxf6 gxf6 39. Rc2 Ra1+ 40. Kh2 hxg2 41.
Rxg2 Rh6# 0-1

[Event "Women's Speed Chess Q5"]
[Site "chess.com INT"]
[Date "2021.06.04"]
[Round "3"]
[White "Dzagnidze, Nana"]
[Black "Pourkashiyan, Atousa"]
[Result "1-0"]
[WhiteTitle "GM"]
[BlackTitle "WGM"]
[WhiteElo "2524"]
[BlackElo "2322"]
[WhiteFideId "13601903"]
[BlackFideId "12502014"]
[EventDate "2021.06.04"]

1. d4 Nf6 2. c4 e6 3. Nf3 d5 4. Nc3 Be7 5. Bf4 O-O 6. e3 c5 7. dxc5 Bxc5 8. a3
dxc4 9. Bxc4 Nc6 10. Qxd8 Rxd8 11. b4 Bd6 12. Bxd6 Rxd6 13. Ke2 Kf8 14. h3 Ke7
15. g4 h6 16. Rac1 a6 17. Bb3 b5 18. e4 Nd4+ 19. Nxd4 Rxd4 20. Ke3 Rxe4+ 21.
Nxe4 Nxe4 22. Kxe4 Bb7+ 23. Ke3 Bxh1 24. Rxh1 Rc8 25. Rd1 Rc3+ 26. Rd3 Rc1 27.
Bd1 e5 28. Bf3 Rc7 29. Kd2 g6 30. Rc3 Rd7+ 31. Ke3 f5 32. Rc6 Ra7 33. Rxg6 Ra8
34. gxf5 Rf8 35. Ke4 1-0

[Event "Women's Speed Chess Q5"]
[Site "chess.com INT"]
[Date "2021.06.04"]
[Round "3"]
[White "Kiran, Manisha Mohanty"]
[Black "Varshini, V"]
[Result "0-1"]
[WhiteTitle "WGM"]
[BlackTitle "WGM"]
[WhiteElo "2168"]
[BlackElo "2226"]
[WhiteFideId "5019575"]
[BlackFideId "5091241"]
[EventDate "2021.06.04"]

1. e4 c5 2. Nf3 d6 3. d4 cxd4 4. Nxd4 Nf6 5. Nc3 a6 6. Bg5 e6 7. Qe2 Be7 8. h4
Qc7 9. O-O-O b5 10. a3 Bb7 11. Rh3 Nbd7 12. g4 Ne5 13. Rg3 Nc4 14. Ndxb5 axb5
15. Nxb5 Qb6 16. Qxc4 Rc8 17. Qa4 O-O 18. Bxf6 Bxf6 19. Rb3 Qxf2 20. Bd3 Bc6 21.
g5 Be5 22. Qa7 Qxh4 23. Kb1 Bxe4 24. Qe3 Bxd3 25. Rbxd3 Qc4 26. Nc3 Rb8 27. b3
Qa6 28. Na4 Qxa4 29. Rh1 Qxa3 0-1

[Event "Women's Speed Chess Q5"]
[Site "chess.com INT"]
[Date "2021.06.04"]
[Round "3"]
[White "Varney, Zoe"]
[Black "Sikorova, Olga"]
[Result "0-1"]
[WhiteTitle "WCM"]
[BlackTitle "WGM"]
[WhiteElo "1917"]
[BlackElo "2215"]
[WhiteFideId "436135"]
[BlackFideId "307033"]
[EventDate "2021.06.04"]

1. e4 e6 2. d4 d5 3. exd5 exd5 4. Nf3 Bd6 5. c4 Bg4 6. Nc3 Nf6 7. Bg5 Bb4 8.
Qa4+ Nc6 9. Bxf6 Qxf6 10. cxd5 Bxc3+ 11. bxc3 Bxf3 12. gxf3 Qxf3 13. dxc6 O-O
14. cxb7 Rae8+ 15. Kd2 Qxh1 16. Bb5 Qxa1 17. Bxe8 Qb2+ 18. Kd3 Qxb7 19. Bc6 Qb1+
20. Ke3 Qc1+ 0-1

[Event "Women's Speed Chess Q5"]
[Site "chess.com INT"]
[Date "2021.06.04"]
[Round "3"]
[White "Sliwicka, Alicja"]
[Black "Paehtz, Elisabeth"]
[Result "0-1"]
[WhiteTitle "WIM"]
[BlackTitle "IM"]
[WhiteElo "2308"]
[BlackElo "2456"]
[WhiteFideId "1150677"]
[BlackFideId "4641833"]
[EventDate "2021.06.04"]

1. e4 c5 2. Nf3 d6 3. d4 cxd4 4. Nxd4 Nf6 5. Nc3 a6 6. Nb3 g6 7. Be2 Bg7 8. O-O
O-O 9. Re1 Nc6 10. Bg5 Bd7 11. Bf1 Rc8 12. Nd5 Ne8 13. c3 Be6 14. Qd2 f6 15. Bh6
Bf7 16. Rad1 Ne5 17. Be3 e6 18. Nb6 Rc6 19. a4 Rxb6 20. Bxb6 Qxb6 21. Nd4 Qc7
22. f4 Nc6 23. Nf3 h6 24. h3 f5 25. exf5 gxf5 26. Bc4 d5 27. Ba2 Nd6 28. Qe2 Ne4
29. Qe3 Na5 30. Nd2 Rc8 31. g4 Bf8 32. Nxe4 fxe4 33. b4 Nc4 34. Qg3 Nb2 35. Rd2
Nd3 36. Rf1 Qxc3 37. Rg2 Qd4+ 38. Kh1 Nxb4 39. g5 Nxa2 40. gxh6+ Kh7 41. Rxa2
Bxh6 42. f5 Qd3 43. Qg2 Rg8 44. Qf2 e3 45. Qf3 Bh5 0-1

[Event "Women's Speed Chess Q5"]
[Site "chess.com INT"]
[Date "2021.06.04"]
[Round "3"]
[White "Atalik, Ekaterina"]
[Black "Zhuravleva, Olga"]
[Result "0-1"]
[WhiteTitle "IM"]
[BlackTitle "WIM"]
[WhiteElo "2430"]
[BlackElo "2278"]
[WhiteFideId "4130189"]
[BlackFideId "4145933"]
[EventDate "2021.06.04"]

1. Nf3 Nf6 2. e3 e6 3. c4 b6 4. Nc3 Bb7 5. Be2 Be7 6. O-O O-O 7. b3 c5 8. Bb2 d6
9. d4 Nbd7 10. Qc2 Rc8 11. dxc5 Nxc5 12. Rad1 Qc7 13. Nb5 Qb8 14. Bxf6 gxf6 15.
Nbd4 a6 16. Nd2 f5 17. Bf3 Bf6 18. Bxb7 Qxb7 19. N2f3 Ne4 20. Ne2 b5 21. Ng3
bxc4 22. bxc4 Rfd8 23. Rb1 Qc6 24. Rfc1 Nc3 25. Rb4 a5 26. Rb3 Qxc4 27. Kh1 a4
28. Rb7 Qa6 29. Rb4 Ne2 30. Nxe2 Rxc2 31. Rxc2 Rc8 32. Rd2 Bc3 33. Nxc3 Qf1+ 34.
Ng1 Rxc3 0-1